| 000 | 01184nam a2200325 i 4500 | ||
|---|---|---|---|
| 001 | 186789 | ||
| 003 | SpMaBN | ||
| 005 | 20250811035309.0 | ||
| 008 | 170215s2015 sp |||| | spa d | ||
| 020 | _a978-84-15963-67-7 | ||
| 080 | _a342(460)(091) | ||
| 080 | _a32(460) | ||
| 100 | 1 |
_aOrduña Rebollo, Enrique. _987213 |
|
| 245 | 1 | 0 |
_aHistoria del Estado español / _cEnrique Orduña Rebollo ; prólogo de Ramón Parada. |
| 260 |
_aMadrid : _bFundación Alfonso Martín Escudero : _bMarcial Pons Historia, _c2015. |
||
| 300 |
_a998 p. ; _c23 cm. |
||
| 490 | 1 | _aCoediciones | |
| 500 | _aÍndice. | ||
| 504 | _aBibliografía: p. [937]-954. | ||
| 650 | 7 |
_aDerecho político- _zEspaña- _vHistoria. _9161743 |
|
| 651 | 4 |
_aEspaña- _xPolítica y gobierno _98444 |
|
| 700 | 1 |
_aParada Vázquez, José Ramón. _988908 |
|
| 710 | 2 |
_9234318 _aFundación Alfonso Martín Escudero |
|
| 830 | 0 |
_aCoediciones _9191111 |
|
| 852 |
_aES-MaACL _jA-14035 _9193846 _bR.151345 _cDEPO1 _dOlim: N-7035 _hDonación: Real Academia Española |
||
| 914 |
_96336 _aReal Academia Española _ednr |
||
| 942 |
_2udc _cMONOGRAFIA |
||
| 999 |
_c186789 _d186789 |
||